<?xml version="1.0" encoding="UTF-8"?>
<marc:record xmlns:marc="http://www.loc.gov/MARC21/slim">
   <marc:leader>00000nam a2200000 a 4500</marc:leader>
   <marc:datafield ind1="1" ind2=" " tag="100">
      <marc:subfield code="a">Daniels, Guy</marc:subfield>
      <marc:subfield code="4">aut</marc:subfield>
      <marc:subfield code="e">Verfasser/-in</marc:subfield>
   </marc:datafield>
   <marc:datafield ind1=" " ind2=" " tag="653">
      <marc:subfield code="a">Gefühle (Themen- und problemorientierte Bilderbücher für Kinder)</marc:subfield>
   </marc:datafield>
   <marc:datafield ind1=" " ind2=" " tag="653">
      <marc:subfield code="a">Geschwister</marc:subfield>
   </marc:datafield>
   <marc:datafield ind1=" " ind2=" " tag="653">
      <marc:subfield code="a">Geschwisterbeziehung</marc:subfield>
   </marc:datafield>
   <marc:datafield ind1="0" ind2="0" tag="245">
      <marc:subfield code="a">Hexenbaby</marc:subfield>
   </marc:datafield>
   <marc:datafield ind1=" " ind2="1" tag="264">
      <marc:subfield code="b">Compact-Verl.</marc:subfield>
      <marc:subfield code="c">2014</marc:subfield>
   </marc:datafield>
   <marc:datafield ind1="1" ind2=" " tag="490">
      <marc:subfield code="a">Die zauberhafte Hexe Ella</marc:subfield>
   </marc:datafield>
   <marc:datafield ind1="1" ind2=" " tag="520">
      <marc:subfield code="a">Hexe Ella bekommt ein Geschwisterchen. Sie kann es kaum erwarten! Und dann ist das Hexenbaby endlich da. Aber bald merkt Ella, dass es nicht die ganze Zeit schön ist, eine große Schwester zu sein. Mama und Papa haben weniger Zeit für sie, und ihr neuer kleiner Bruder weint sehr oft. Außerdem bekommt er viel mehr Spielsachen und Aufmerksamkeit von allen. Ella findet das Baby echt blöd. Bis sie ihren kleinen Bruder besser kennenlernt. Vielleicht können sie doch ganz schön miteinander spielen?</marc:subfield>
   </marc:datafield>
   <marc:datafield ind1=" " ind2=" " tag="020">
      <marc:subfield code="a">9783817499427</marc:subfield>
      <marc:subfield code="9">9783817499427</marc:subfield>
   </marc:datafield>
</marc:record>
